| 000 | 00605cam a22001935a 4500 | ||
|---|---|---|---|
| 001 | 17340549 | ||
| 005 | 20131113155537.0 | ||
| 008 | 120608s2012 mau 000 0 eng | ||
| 020 | _a9781133627302 | ||
| 082 |
_222 _a658.4038 _bBID |
||
| 100 | 1 |
_aBidgoli, Hossein. _934462 |
|
| 245 | 1 | 0 |
_aMis3 / _cHossein Bidgoli; [edited by] Erin Joyner, Kate Mason. |
| 260 |
_aBoston, MA : _bCourse Technology Cengage Learning, _c2012. |
||
| 300 |
_a306 p. ; _c27 cm. |
||
| 500 | _aInclude index. | ||
| 650 |
_aManagement information systems. _934463 |
||
| 653 |
_bBus _cNovember2013 |
||
| 942 |
_2ddc _cBB _k658.4038 BID |
||
| 999 |
_c17760 _d17732 |
||